000 00395nam a2200157Ia 4500
008 230524s9999 xx 000 0 und d
082 _a621.3
_bBEL
100 _aDavid A.Bell
245 0 _aLaboratory Manual for Electronic Devices & Circuit
250 _a4TH
260 _aNEW DELHI
_bPHI
_c2004
300 _aIV;246
500 _aQuantity Number: 12
650 _aElectronics
942 _cBK
999 _c15213
_d15213